| 000 | 00757nam a2200157 a 4500 | ||
|---|---|---|---|
| 008 | 120416s1999 xx |||||||||||||| || u | ||
| 050 | _aTHESIS/STUDENT | ||
| 100 | _aSimuzingili, Chambwa | ||
| 245 | 1 | 2 |
_aA study on the improvement of water supply in Kaputula Compound-Kabwe _cThesis by Chambwa Simuzingili, and supervised by G. C. Ngoma |
| 260 |
_a _bSchool of Built Environment, Department of Civil Engineering and Construction _c1999 |
||
| 350 | _a0.00 | ||
| 500 | _aReport submitted in partial fulfilment for the award of Higher Diploma in Water Engineering | ||
| 650 | _aWATER-SUPPLY--ZAMBIA | ||
| 650 | _aENGINEERING | ||
| 995 |
_D0.00 _FCBU-MAIN LIBRARY (Kitwe) _H1 _I0.00 _UAVAILABLE _ZUniversity Collection |
||
| 999 |
_c58985 _d58985 |
||